[Event "Doeberl Cup 42nd"]
[Site "Canberra"]
[Date "2004.04.11"]
[Round "5"]
[White "McCart, Richard"]
[Black "Blencowe, Andrew"]
[Result "1-0"]
[WhiteElo "1960"]
[BlackElo "1748"]
[PlyCount "31"]
[EventDate "2004.04.09"]
[EventType "swiss"]
[EventRounds "7"]
[EventCountry "AUS"]
[SourceTitle "EXT 2005"]
[Source "ChessBase"]
[SourceDate "2004.11.15"]
[SourceVersion "1"]
[SourceVersionDate "2004.11.15"]
[SourceQuality "1"]

1. Nf3 c5 2. c4 Nc6 3. Nc3 e6 4. e4 d6 5. Be2 g6 6. d4 cxd4 7. Nxd4 a6 8. Be3 Bg7 9. Nxc6 bxc6 10. 0-0 Ne7 11. Qd2 d5 12. Rfd1 Bb7 13. Bd4 e5 14. Bc5 d4 15. Na4 0-0 16. Qb4 1-0

[Event "Doeberl Cup 42nd"]
[Site "Canberra"]
[Date "2004.04.10"]
[Round "4"]
[White "Blencowe, Andrew"]
[Black "Malik, Hani"]
[Result "1/2-1/2"]
[WhiteElo "1748"]
[BlackElo "2010"]
[PlyCount "139"]
[EventDate "2004.04.09"]
[EventType "swiss"]
[EventRounds "7"]
[EventCountry "AUS"]
[SourceTitle "EXT 2005"]
[Source "ChessBase"]
[SourceDate "2004.11.15"]
[SourceVersion "1"]
[SourceVersionDate "2004.11.15"]
[SourceQuality "1"]

1. d4 d5 2. Nf3 Nd7 3. e3 e6 4. Bd3 Ngf6 5. Nbd2 c5 6. c3 Bd6 7. 0-0 0-0 8. Re1 e5 9. dxe5 Nxe5 10. Nxe5 Bxe5 11. e4 Qc7 12. h3 dxe4 13. Nxe4 Be6 14. Qe2 Nxe4 15. Qxe4 Bh2+ 16. Kh1 g6 17. Bh6 Rfd8 18. Qf3 Bd6 19. Bg5 Re8 20. Bb5 Bd7 21. Bc4 Bc6 22. Qg4 b5 23. Bb3 c4 24. Bc2 Qb7 25. f3 f5 26. Qh4 Bxf3 27. Qf2 Be4 28. Bxe4 Rxe4 29. Rxe4 Qxe4 30. Re1 Qd5 31. Qe2 a6 32. Rd1 Qe5 33. Qxe5 Bxe5 34. Kg1 Bg7 35. Kf2 a5 36. Rd5 b4 37. Rc5 b3 38. a3 Bxc3 39. bxc3 Rb8 40. Bc1 b2 41. Bxb2 Rxb2+ 42. Kf1 Rb3 43. Rxa5 Rxc3 44. Ra7 Rc1+ 45. Ke2 Rc2+ 46. Kf3 Ra2 47. a4 c3 48. Rc7 c2 49. a5 Rxa5 50. Rxc2 Ra7 51. Rc6 Kg7 52. h4 h6 53. g3 Re7 54. Rb6 Rd7 55. Rc6 Rd3+ 56. Kf4 Rd4+ 57. Kf3 Kf7 58. Rb6 Re4 59. h5 Rg4 60. hxg6+ Rxg6 61. Rxg6 Kxg6 62. g4 h5 63. gxf5+ Kxf5 64. Kg3 Kg5 65. Kh3 h4 66. Kh2 Kg4 67. Kg2 h3+ 68. Kh2 Kh4 69. Kg1 Kg3 70. Kh1 1/2-1/2

[Event "Doeberl Cup 42nd"]
[Site "Canberra"]
[Date "2004.04.09"]
[Round "2"]
[White "Blencowe, Andrew"]
[Black "Farrell, Roger S"]
[Result "1-0"]
[WhiteElo "1748"]
[BlackElo "2046"]
[PlyCount "85"]
[EventDate "2004.04.09"]
[EventType "swiss"]
[EventRounds "7"]
[EventCountry "AUS"]
[SourceTitle "EXT 2005"]
[Source "ChessBase"]
[SourceDate "2004.11.15"]
[SourceVersion "1"]
[SourceVersionDate "2004.11.15"]
[SourceQuality "1"]

1. d4 Nf6 2. Nf3 d5 3. e3 g6 4. Bd3 Bg7 5. Nbd2 0-0 6. 0-0 Nbd7 7. Re1 c5 8. c3 e5 9. dxe5 Ng4 10. e6 fxe6 11. e4 c4 12. Bc2 Qb6 13. Qe2 Nc5 14. h3 Nh6 15. Nf1 Bd7 16. Ng3 Rae8 17. Be3 Qc6 18. Ng5 b6 19. Rad1 Bc8 20. Qd2 dxe4 21. N5xe4 Nf5 22. Nxf5 gxf5 23. Nxc5 bxc5 24. Qd6 Qb5 25. Bxc5 Rf7 26. Ba3 Kh8 27. Qc5 Qb7 28. Qxc4 Rg8 29. Rd3 Be5 30. g3 Qb8 31. Bd6 Bxd6 32. Qd4+ Rfg7 33. Qxd6 Qxb2 34. Bb3 Re8 35. Qe5 Qa3 36. Rd6 Rf8 37. Bxe6 Bxe6 38. Rxe6 Qxa2 39. Re7 Rfg8 40. Rxg7 Rxg7 41. Qxf5 Qg8 42. Qf6 a5 43. Rd1 1-0